LEADER 00515naa a2200145 i 4500 001 000000305033 003 CaOOAMICUS 005 20180831172830.0 008 180831n it u000 u ita u 013 $a13053 040 $aSeMil$bita 100 1 $aSerenthà, Luigi,$c.$0(OLS)http://semarc/name/10583 245 10$aEducare alla fede nella civiltà secolarizzata. 773 0 $tDispense.$d[S.l. : s.n.], 1972.$w()152342 996 $6245$aEducare alla fede nella civiltà secolarizzata$9(OLS)http://semarc/title/380733 LEADER 00926nam a2200193 i 4500 001 000000241620 003 CaOOAMICUS 005 20150507000000.0 008 150507s1748 it u000 u lat u 013 $a220525 026 $ar:s- o-n- n*o- guco (3) 1748 (R) 040 $aSeMil$bita 245 10$aTomus 4. 300 $a[8], 724, XXII, [2] p. :$bill. 500 $aSegn. : *4 A-8V2 a-f2. 773 0 $aLe Mire, Aubert <1573-1640>$tDiplomatum Belgicorum nova collectio sive supplementum ad opera diplomatica Auberti Miraei ... in quo continentur chartae fundationum ac donationum piarum, testamenta, privilegia, foedera principum, ... cura et studio Francisci Foppens ..$dBruxelles : Apud Petrum Foppens, typographum sub signo S. Spiritus, 1734-1748.$g4$w()31859 850 $aSeMil 852 $aSeMil$W1$xVenegono$y1$m3E VI 20 FA$j191966$B191966$CSeMilBibl$Z2$F202753 $8I 996 $6245$aTomus 4$9(OLS)http://semarc/title/151236